00640nam a2200205 a 4500008004100000020002200041245011200063246003000175260005000205300004400255490002500299500002000324650001400344650001600358650001400374700001900388003000100407005001700408040000900425  a063205865X (pbk.)10aMedical masterclass :bhaematology and oncology /c[edited by] John D. Firth, Mark Bower, David W. Galvani. aHaematology and oncology. aLondon :bRoyal College of Physicians,c2001. axi, 195 p. :bill. (some col.) ;c30cm. aMedical masterclass. aIncludes index. aMedicine. aHematology. aOncology. aFirth, John D.20230123122134.0 cNUST